000 00977nam a2200361 a 4500
003 AR-BaBNM
005 20251128203951.0
008 082120s2002 ||||||||||||||000 | spa||
020 _a950-534-158-X
040 _cAR-BaBNM
100 1 _aFrassineti de Gallo, Martha
245 0 0 _aFilosofía
_besa búsqueda reflexiva
250 _a3ª ed.
260 _aBuenos Aires
_bA-Z editora
_c1993
300 _a321 p.
_bil., gráfs.
490 0 _aSerie plata
504 _aBibliografía general p. 321
650 4 _aENSEÑANZA DE LA FILOSOFIA
650 4 _aOBJETIVOS EDUCACIONALES
650 4 _aCONTENIDO DEL PROGRAMA
650 4 _aLOGICA
650 4 _aDINAMICA DE GRUPO
650 4 _aDOGMATISMO
650 4 _aRAZONAMIENTO
650 4 _aPROCESOS MENTALES SUPERIORES
650 4 _aDEDUCCION
650 4 _aETICA
650 4 _aPROBLEMAS MORALES
653 _aCONOCIMIENTO CIENTIFICO
700 1 _aSalatino de Klein, Gabriela
942 _cBK
998 _cCarmen
999 _c5645
_d5645